Budování pověsti EU prostřednictvím veřejné diplomacie

Obsahové vymedzenie pojmu verejná diplomacia, jej jednotlivé roviny a zameranie rôznych aktivít. Pohľad na prax verejnej diplomacie EÚ so zameraním na jej vonkajšie dimenzie.

Guardado en:
Detalles Bibliográficos
Autor principal: Peterková, Jana
Formato: Capítulo de libro
Lenguaje:checo
Materias:
Etiquetas: Agregar Etiqueta
Sin Etiquetas, Sea el primero en etiquetar este registro!

MARC

LEADER 00000naa a2200000 4500
001 0219539
005 20240111122426.8
041 0 |a cze 
044 |a SK 
245 1 0 |a Budování pověsti EU prostřednictvím veřejné diplomacie  |c Jana Peterková 
520 |a Obsahové vymedzenie pojmu verejná diplomacia, jej jednotlivé roviny a zameranie rôznych aktivít. Pohľad na prax verejnej diplomacie EÚ so zameraním na jej vonkajšie dimenzie. 
610 2 0 |a Európska únia 
610 2 0 |a diplomacia 
610 2 0 |a terminológia 
610 2 0 |a politika medzinárodná 
610 2 0 |a spolupráca medzinárodná 
100 1 |a Peterková, Jana